| 000 | 00377nam a2200133Ia 4500 | ||
|---|---|---|---|
| 008 | 220217s9999||||xx |||||||||||||| ||und|| | ||
| 020 | _a81-265-0274-6 | ||
| 082 | _a005.13 SUE | ||
| 100 |
_aSuehring, Steve _93625 |
||
| 245 | 0 | _aMySQL bible: PHP, perl and JDBC/ODBC | |
| 260 |
_aWiley Dreamtech india _bNew Delhi _c2002 |
||
| 300 | _b399 | ||
| 650 | _aPROGRAMMING LANGUAGE | ||
| 999 |
_c172299 _d172299 |
||